00560 2200193 4500001002100000005001500021035002000036007000300056008004100059020002200100082000800122084001400130100001600144245007000160250001700230260004500247300004800292650002600340INLIS00000000000187820250811100909 a0010-0825000154ta250811 g 0 ind  a978-602-97687-3-2 a500 a500 AND a0 aAndena Dewi1 aAlam Semesta :bSeri Cerita Pengetahuan /cAndena Dewi (Penulis); aCetakan 2021 aBandung :bAd-Print Mitra Pustaka,c2019 avii; 99 Halaman :bIlustrasi; teks ;c21 cm 4aIlmu Pengetahuan Alam